000 02234nam0a2200409 4500
001 RU\NLR\bibl\1013675
005 20260503064029.0
010 _a5-94047-072-6
_bВ пер.
_91500
021 _aRU
_b2006-64142
_93206
035 _a(nilc)RSL-KNO-002957437
035 _a(NLR Aleph) 001001283
090 _a580279
_c580279
100 _a20061010d2006 |||y0rusy50 ca
101 0 _arus
102 _aRU
105 _aa |||||||||
106 _ar
200 1 _aУправление качеством жизни
_fРоссийская акад. наук, Северо-Западная секция содействия развитию экономической науки, Санкт-Петербургская акад. упр. и экономики
_g[подгот.: В. О. Бахарев, д.э.н., проф. и др.
_gпод ред. чл.-корр. РАН В. В. Окрепилова]
210 _aСанкт-Петербург
_cИзд-во Санкт-Петербургской акад. упр. и экономики
_d2006
215 _a382, [2] с.
_cил., табл.
_d22
320 _aБиблиогр. в конце гл.
606 1 _aКачество жизни
_yРоссийская Федерация
_92195308
_3RU\NLR\auth\661319449
610 0 _aЭкономика -- Российская Федерация -- Благосостояние населения
610 0 _aЭкономика -- Капиталистические страны -- Благосостояние населения
686 _aУ9(2)0-94,0
_2rubbk
686 _aУ80-94,0
_2rubbk
686 _aУ9(2)-94(2Р)
702 1 _aБахарев
_bВ. О.
_gВячеслав Олегович
_4220
702 1 _4340
_aОкрепилов
_bВ. В.
_f1944-
_gВладимир Валентинович
_3RU\NLR\AUTH\770132306
_9132272
712 0 2 _4570
_aРоссийская академия наук
_bСеверо-Западная секция содействия развитию экономической науки
_3RU\NLR\AUTH\8810016288
_9530418
801 0 _aRU
_bРКП
_c20061010
_grcr
801 1 _aRU
_bРГБ
_c20061010
801 2 _aRU
_bNLR
_c20061127
_grcr
942 _cBOOK
980 _aNB